Rendición de cuentas y democracia : el caso de México.

Shranjeno v:
Bibliografske podrobnosti
Glavni avtor: Ugalde, Luis Carlos (autor)
Format: Knjiga
Jezik:španščina
Serija:(Cuadernos de divulgación de la cultura democrática ; 21)
Teme:
Oznake: Označite
Brez oznak, prvi označite!

MARC

LEADER 00000cam^a2200000uu^4500
001 000493858
005 20250521000000.0
008 040902s2002^^^^^^^^^^^^rd^r^^000^0^spa^d
009 20260310125513.214
022 |a 9706950184 
035 |a FCE 000037236 
035 |a FCE 037281 
037 |a Acervo ITESO - Biblioteca 
041 |a spa 
082 0 4 |a 321.8072  |b IFE 21 
100 |a Ugalde, Luis Carlos  |e (autor) 
245 1 0 |a Rendición de cuentas y democracia :  |b el caso de México. 
264 |a México :  |b IFE,  |c 2002. 
300 |a 61 p. 
336 |a texto  |b txt  |2 rdacontenido 
337 |a sin mediación  |b n  |2 rdamedio 
338 |a volumen  |b nc  |2 rdasoporte 
440 0 |a (Cuadernos de divulgación de la cultura democrática ;  |v 21) 
649 |a XX 
650 |a Democracia 
650 |a México 
910 |a Fondo Centro de Estudios Educativos 
920 |a Impresos - Libros 
930 |a Fondos Especiales 
905 |a 133 
901 |a ALE037281  |b IT2  |c CEE  |u 20250521 
902 |a https://opac.biblio.iteso.mx/vufind/Record/000493858